000 00273nam a2200109Ia 4500
008 190216s9999||||xx |||||||||||||| ||und||
100 _aMuhamed Iqbal
245 0 _aMatha Chindakalude Puna Samvidanam
260 _bBhasha Institute
650 _aIslamic History
942 _cBK
999 _c22121
_d22121